Jerry Bruckheimer Movies Quiz Stats

 Plays Quiz Updated Apr 10, 2019

Score 0/47 Timer 11:00
1 Play Today
Year Movie % Correct
2003Pirates of the Caribbean: The Curse of the Black Pearl
72.4%
2006Pirates of the Caribbean: Dead Man's Chest
61.2%
2007Pirates of the Caribbean: At World's End
60.6%
2017Pirates of the Caribbean: Dead Men Tell No Tales
50.2%
1986Top Gun
49.1%
2004National Treasure
47.5%
1984Beverly Hills Cop
44.2%
1996The Rock
43.4%
2001Pearl Harbor
42.7%
2007National Treasure: Book of Secrets
42.5%
1987Beverly Hills Cop II
37.6%
1995Bad Boys
37.4%
1997Con Air
34.9%
2003Bad Boys II
34.7%
2000Coyote Ugly
33.9%
1998Armageddon
30.7%
1990Days of Thunder
28%
2000Gone in Sixty Seconds
26.2%
2009Confessions of a Shopaholic
25.9%
1983Flashdance
25.7%
2013The Lone Ranger
24.3%
1998Enemy of the State
21.1%
2000Remember the Titans
20.5%
2006Deja Vu
20.1%
Year Movie % Correct
1995Dangerous Minds
17.6%
2001Black Hawk Down
17.5%
1994The Ref
14.7%
2006Glory Road
13.1%
201812 Strong
12.9%
1995Crimson Tide
11.9%
2004King Arthur
11.9%
1980American Gigolo
11.6%
2014Deliver Us From Evil
10.6%
2003Kangaroo Jack
9.7%
2011Pirates of the Caribbean: On Stranger Tides
9.2%
1982Cat People
7.4%
2002Bad Company
6.1%
1981Thief
6%
2009G-Force
5.9%
2010Prince of Persia: The Sands of Time
5%
2003Veronica Guerin
4.2%
2010The Sorcerer's Apprentice
3.3%
1975Farewell, My Lovely
3.1%
1984Thief of Hearts
2.9%
1982Young Doctors In Love
2.7%
1977March or Die
2.7%
1980Defiance
2.7%

You're not logged in!

Compare scores with friends on all Sporcle quizzes.
OR
Log In

You Might Also Like...

Show Comments

Extras

Top Quizzes Today


Score Distribution

Your Account Isn't Verified!

In order to create a playlist on Sporcle, you need to verify the email address you used during registration. Go to your Sporcle Settings to finish the process.

Report this User

Report this user for behavior that violates our Community Guidelines.

Details: